Debt Collection Improvement Act : significant challenges remain to effectively implement Treasury's administrative offset program : statement of Gary T. Engel, Associate Director, Governmentwide Accounting and Financial Management Issues, Accounting and Information Management Division, before the Subcommittee on Government Management, Information and Technology, Committee on Government Reform and Oversight, House of Representatives /

Bibliographic Details
Main Author: Engel, Gary T.
Corporate Author: United States. General Accounting Office
Format: Government Document Microform Book
Language:English
Published: Washington, D.C. (P.O. Box 37050, Washington 20013) : The Office, [1998]
Series:Testimony ; GAO/T-AIMD-98-195.
Subjects:
Online Access:Adobe Acrobat Reader required

MARC

Tag First Indicator Second Indicator Subfields
LEADER 00000cam a2200000 a 4500
001 in00000003454
007 he bmb024bbca
008 990519s1998 dcu bb f000 0 eng c
005 20230309222522.3
035 |a (OCoLC)ocm41395363 
035 |9 AJF9241AM 
035 |a in00000003454 
037 |a 160583  |b GAO (202) 512-6000 (Voice); (202) 512-6061 (Fax); (202) 512-2537 (TDD)  |f paper copy 
040 |a GPO  |c GPO  |d DLC  |d MvI  |d UtOrBLW 
042 |a pcc 
043 |a n-us--- 
049 |a UMIC 
049 |a WWW 
074 |a 0546-D-01 (MF) 
074 |a 0546-D-01 (online) 
086 0 |a GA 1.5/2:T-AIMD-98-195 
100 1 |a Engel, Gary T. 
245 1 0 |a Debt Collection Improvement Act :  |b significant challenges remain to effectively implement Treasury's administrative offset program : statement of Gary T. Engel, Associate Director, Governmentwide Accounting and Financial Management Issues, Accounting and Information Management Division, before the Subcommittee on Government Management, Information and Technology, Committee on Government Reform and Oversight, House of Representatives /  |c United States General Accounting Office. 
246 3 0 |a Significant challenges remain to effectively implement Treasury's administrative offset program 
264 1 |a Washington, D.C. (P.O. Box 37050, Washington 20013) :  |b The Office,  |c [1998] 
300 |a 13 pages ;  |c 28 cm. 
336 |a text  |b txt  |2 rdacontent 
337 |a microform  |b h  |2 rdamedia 
338 |a microfiche  |b he  |2 rdacarrier 
490 1 |a Testimony ;  |v GAO/T-AIMD-98-195 
500 |a Cover title. 
500 |a Shipping list number: 99-0336-M. 
500 |a "June 5, 1998." 
500 |a Shipping list number: 99-0336-P. 
504 |a Includes bibliographical references. 
533 |a Microfiche.  |b [Washington, D.C.] :  |c U.S. General Accounting Office,  |d [1999?]  |e 1 microfiche : negative. 
530 |a Also available via Internet from the GPO Access web site. Address as of 2/15/02: http://frwebgate.access.gpo.gov/cgi-bin/getdoc.cgi?dbname=gao&docid=f:ai98195t.pdf; current access is available via PURL. 
500 |a Microform. 
610 1 0 |a United States.  |b Department of the Treasury  |v Rules and practice  |x Evaluation. 
650 0 |a Finance, Public  |z United States  |x Accounting. 
650 0 |a Offset (Accounting) 
650 0 |a Administrative agencies  |z United States  |x Finance. 
650 0 |a Accounts receivable  |z United States. 
710 1 |a United States.  |b General Accounting Office. 
830 0 |a Testimony ;  |v GAO/T-AIMD-98-195. 
856 4 1 |u https://purl.fdlp.gov/GPO/LPS17637  |z Adobe Acrobat Reader required  |t 0 
999 |a MARS 
999 f f |i 0c59d46b-0d9a-31df-814f-60638e0b644d  |s cdcd6fa0-e30f-35e5-8306-196f649ffcfb  |t 0 
952 f f |p normal  |a Texas A&M University  |b College Station  |c Sterling C. Evans Library  |d Evans: US Documents Microfiche (3rd floor)  |t 0  |e GA 1.5/2:T-AIMD-98-195  |h Superintendent of Documents classification  |i microform -- microfiche  |m A14824485180 
952 f f |a Texas A&M University  |b College Station  |c Electronic Resources  |d Available Online  |t 0  |e GA 1.5/2:T-AIMD-98-195  |h Superintendent of Documents classification 
998 f f |a GA 1.5/2:T-AIMD-98-195  |t 0  |l Available Online 
998 f f |a GA 1.5/2:T-AIMD-98-195  |t 0  |l Evans: US Documents Microfiche (3rd floor)